UEFA Nations League Divisie B 2018/2019 - voetbal - Statistieken

Algemene statistieken
  • Deze quiz is 25 keer genomen
  • De gemiddelde score is 7 van 12
Antwoordstatistieken
Hint Antwoord % Correct
2 Oekraïne
83%
3 Ierland
72%
1 Rusland
72%
3 Zweden
72%
1 Bosnië en Herzegovina
61%
2 Denemarken
61%
3 Oostenrijk
61%
2 Slowakije
61%
1 Turkije
61%
1 Noord-Ierland
44%
3 Tsjechië
39%
2 Wales
39%
Geen overeenkomende quizzen gevonden
Scoreverdeling
Procent van Mensen met Elke Score
Percentiel versus Aantal Correcte Antwoorden
Uw Scoregeschiedenis
U heeft deze quiz nog niet genomen